Almanaque del Diario de avisos de Zaragoza : (Record no. 2574)

MARC details
000 -LEADER
campo de control de longitud fija 00840nas a2200241 i 4500
001 - NÚMERO DE CONTROL
campo de control 2574
003 - IDENTIFICADOR DE NÚMERO DE CONTROL
campo de control ES-MaACL
005 - FECHA Y HORA DE LA ÚLTIMA TRANSACCIÓN
campo de control 20250709054510.0
007 - CAMPO FIJO DE DESCRIPCIÓN FÍSICA--INFORMACIÓN GENERAL
campo de control de longitud fija t|
008 - DATOS DE LONGITUD FIJA--INFORMACIÓN GENERAL
campo de control de longitud fija 950801d1884 sp ar p | 1 |spa d
080 ## - NÚMERO DE LA CLASIFICACIÓN DECIMAL UNIVERSAL
Número de la Clasificación Decimal Universal (059)(460)
245 00 - MENCIÓN DEL TÍTULO
Título Almanaque del Diario de avisos de Zaragoza :
Resto del título gratis a los suscritores del mismo.
260 ## - PUBLICACIÓN, DISTRIBUCIÓN, ETC.
Lugar de publicación, distribución, etc. [Zaragoza :
Nombre del editor, distribuidor, etc. Diario de Avisos de Zaragoza,
Fecha de publicación, distribución, etc. 1884-]
Lugar de fabricación/manufactura (Madrid :
Fabricante Tip. de Calisto Ariño)
300 ## - DESCRIPCIÓN FÍSICA
Extensión 1 v. ;
Dimensiones 16 cm.
310 ## - PERIODICIDAD ACTUAL
Periodicidad actual Anual
530 ## - NOTA DISPONIBLE DE FORMULARIO FÍSICO ADICIONAL
Nota de formato físico adicional disponible Disponible en formato digital
655 #0 - TERMINO DE INDIZACIÓN--GENERO/FORMA
Datos o término principal de género/forma Almanaques
9 (RLIN) 241262
852 4# - LOCALIZACIÓN
Ubicación ES-MaACL
Número de control de estantería T-402-F-6
Ubicación en estantería Depósito folletos
856 4# - LOCALIZACIÓN Y ACCESO ELECTRÓNICOS
Identificador Uniforme de Recursos <a href="https://prensahistorica.mcu.es/es/consulta/registro.do?id=1029739">https://prensahistorica.mcu.es/es/consulta/registro.do?id=1029739</a>
Texto de enlace Versión en línea
Nota pública (Biblioteca Virtual de Prensa Histórica)
866 #0 - MENCIÓN TEXTUAL DE FONDOS--UNIDAD BIBLIOGRÁFICA BÁSICA
Fondos 1884.
942 ## - ELEMENTOS DE ENTRADA SECUNDARIOS (KOHA)
Fuente del sistema de clasificación o colocación Clasificación decimal universal
Tipo de ítem Koha Revista
Suprimir en OPAC No
Holdings
Estatus retirado Estado de pérdida Fuente del sistema de clasificación o colocación Estado de daño No para préstamo Colección Biblioteca de origen Biblioteca actual Ubicación en estantería Fecha de adquisición Total de préstamos Signatura topográfica completa Código de barras Visto por última vez Tipo de ítem Koha
    Clasificación decimal universal     Colección de folletos Biblioteca del Ateneo de Madrid Biblioteca del Ateneo de Madrid Depósito folletos 17/01/2008   T-402-F-6 1002618 23/02/2023 Revista